Gaming Quiz

Random Gaming or Card Games Quiz
Score 0/51 Timer 07:00
0 Plays Today
Background color Card title % Correct
purpleBoomerang
80%
light greenDiscard Two Of Yours
80%
orangeDraw Two
80%
redEveryone Moves
80%
blueSticky Swap Spaces
80%
blueSwap Pieces
80%
blueSwap Seats
80%
light greenDiscard Any Two
73.3%
blueSwap Hands
73.3%
blueSwap Spaces
73.3%
redTeleport Others
73.3%
redTeleport Self
73.3%
redAllemande Left
66.7%
purpleCaged In
66.7%
redCatapult
66.7%
orangeEveryone Gets Two
66.7%
purpleNegate
66.7%
blueSwap Identities
66.7%
dark greenDonation
60%
light greenEveryone Discards One
60%
yellowPartial Rotation
60%
yellowRotation
60%
purpleEnd Turn
53.3%
redMove One Space
53.3%
blackReinvite
53.3%
grayReset Deck
53.3%
Background color Card title % Correct
blackSpaghettification
53.3%
redTime Out
53.3%
blackAmplify
46.7%
blackBlind Faith
46.7%
blackClone
46.7%
redDouble Move
46.7%
blackThe Final Countdown
46.7%
blueFour Square
46.7%
redGoing Home
46.7%
yellowPermanent +1
46.7%
yellowRaze It To The Ground
46.7%
dark greenScramble
46.7%
dark greenSmörgåsbord
46.7%
blueSwitch Play Direction
46.7%
grayGlimpse of the Future
40%
redMoving To The Sun
40%
redParty At My Place
40%
light greenRazor
40%
dark greenRecycle
40%
orangeRedraw Hand
40%
yellowRemove A Space
40%
dark greenFree & Easy
33.3%
dark greenUse Opponent's Card
33.3%
redFraternizing With The Enemy
26.7%
purplePrevent Next Draw
26.7%
Remove Ads.
Support Sporcle.
Get the best of Sporcle when you Go Orange. This ad-free experience offers more features, more stats, and more fun while also helping to support Sporcle. Thank you for becoming a member.

You're not logged in!

Compare scores with friends on all Sporcle quizzes.
OR
Log In

Show Comments

Extras

Top Quizzes Today


Score Distribution

Your Account Isn't Verified!

In order to create a playlist on Sporcle, you need to verify the email address you used during registration. Go to your Sporcle Settings to finish the process.

Report this User

Report this user for behavior that violates our Community Guidelines.

Details: